00849 2200301 4500001002100000005001500021035002500036008004100061082001700102090001900119090001900138245009200157260003200249300002000281650003100301700001900332700001700351850001200368980001500380985000600395040001700401084001700418041001300435546005500448990001200503990001200515990002000527YOGYA-0209000005961020211001084859 a0010-020900000059610090227s1978 jki g f p ind  223a899.2311 aT 899.2311 Geg aL 899.2311 GEG00aGeguritan Sewagati /cpenerjemah, Nengah Medera, Nazir Thoir; ilustrator, Nengah Medera aJakarta :bDepdikbud,c1978 a73 hlm ;c21 cm 4aKesasteraan Bali - Tembang aMedera, Nengah aThoir, Nazir aYOPDYOG a26-08-2008 a2 aYOPDYOGbind a899.2311 GEG0 aindgban aTeks terdiri dari bahasa Indonesia dan bahasa Bali a21769-a a21768-a a68344-PD/A.2021